[Event "English Open Championship 2024"]
[Site "Holiday Inn, 212 Abbey End, Kenilworth CV8 1ED, United Kingdom"]
[Date "2024.06.21"]
[Round "3.19"]
[White "Pilley, Jack"]
[Black "Khoury, Theo"]
[Result "0-1"]
[TimeControl "G90 + 30secs/move"]
[WhiteFideId "343403840"]
[BlackFideId "480703"]
[WhiteElo "1877"]
[BlackElo "2057"]

1. e4 {[%clk 01:30:58]} c5 {[%clk 01:30:47]} {[%emt 00:00:14]} 2. Nf3 {[%clk
01:31:24]} {[%emt 00:00:04]} d6 {[%clk 01:31:14]} {[%emt 00:00:03]} 3. Bb5+
{[%clk 01:31:50]} {[%emt 00:00:05]} Bd7 {[%clk 01:31:04]} {[%emt 00:00:40]} 4.
Bxd7+ {[%clk 01:32:14]} {[%emt 00:00:06]} Nxd7 {[%clk 01:31:28]} {[%emt
00:00:05]} 5. O-O {[%clk 01:32:38]} {[%emt 00:00:06]} Ngf6 {[%clk 01:31:51]}
{[%emt 00:00:07]} 6. Re1 {[%clk 01:33:05]} {[%emt 00:00:03]} e6 {[%clk
01:32:16]} {[%emt 00:00:05]} 7. c3 {[%clk 01:33:25]} {[%emt 00:00:11]} Be7
{[%clk 01:32:42]} {[%emt 00:00:04]} 8. d4 {[%clk 01:33:52]} {[%emt 00:00:03]}
O-O {[%clk 01:33:06]} {[%emt 00:00:06]} 9. h3 {[%clk 01:33:52]} {[%emt
00:00:29]} Rc8 {[%clk 01:32:38]} {[%emt 00:00:58]} 10. Bf4 {[%clk 01:32:22]}
{[%emt 00:02:00]} cxd4 {[%clk 01:27:35]} {[%emt 00:05:33]} 11. cxd4 {[%clk
01:30:34]} {[%emt 00:02:18]} d5 {[%clk 01:27:59]} {[%emt 00:00:07]} 12. e5
{[%clk 01:29:07]} {[%emt 00:01:56]} Ne4 {[%clk 01:25:54]} {[%emt 00:02:35]} 13.
Nbd2 {[%clk 01:26:41]} {[%emt 00:02:56]} Nxd2 {[%clk 01:26:11]} {[%emt
00:00:13]} 14. Qxd2 {[%clk 01:24:58]} {[%emt 00:02:14]} Nb6 {[%clk 01:16:25]}
{[%emt 00:10:16]} 15. Rac1 {[%clk 01:08:38]} {[%emt 00:16:49]} Nc4 {[%clk
01:08:10]} {[%emt 00:08:45]} 16. Qe2 {[%clk 01:08:14]} {[%emt 00:00:54]} Qb6
{[%clk 01:08:06]} {[%emt 00:00:34]} 17. Rc2 {[%clk 01:07:13]} {[%emt 00:01:31]}
Rc6 {[%emt 00:06:05]} 18. Rec1 {[%clk 01:04:27]} Rfc8 {[%clk 01:06:09]} {[%emt
00:00:08]} 19. Kh2 {[%clk 00:53:52]} {[%emt 00:11:06]} a5 {[%clk 01:02:48]}
{[%emt 00:03:51]} 20. g4 {[%clk 00:38:34]} {[%emt 00:15:47]} a4 {[%clk
01:02:00]} {[%emt 00:01:18]} 21. h4 {[%clk 00:36:09]} {[%emt 00:02:55]} a3
{[%clk 00:59:19]} {[%emt 00:03:12]} 22. b3 {[%clk 00:30:04]} {[%emt 00:06:34]}
Na5 {[%clk 00:59:40]} {[%emt 00:00:10]} 23. Qd3 {[%clk 00:23:38]} {[%emt
00:06:55]} Rxc2 {[%clk 00:51:50]} {[%emt 00:08:19]} 24. Rxc2 {[%clk 00:23:29]}
{[%emt 00:00:40]} Rxc2 {[%clk 00:52:13]} {[%emt 00:00:07]} 25. Qxc2 {[%clk
00:23:55]} {[%emt 00:00:05]} Nc6 {[%clk 00:52:37]} {[%emt 00:00:05]} 26. Qd2
{[%clk 00:21:30]} {[%emt 00:02:55]} Qb5 {[%clk 00:48:50]} {[%emt 00:04:17]} 27.
Kg2 {[%clk 00:19:43]} {[%emt 00:02:17]} Nb4 {[%clk 00:47:23]} {[%emt 00:01:57]}
28. Bg5 {[%clk 00:17:16]} {[%emt 00:02:58]} Bf8 {[%clk 00:47:35]} {[%emt
00:00:18]} 29. Ne1 {[%clk 00:17:06]} {[%emt 00:00:38]} Qc6 {[%clk 00:43:53]}
{[%emt 00:04:13]} 30. Be3 {[%clk 00:14:31]} {[%emt 00:03:05]} b5 {[%clk
00:32:17]} {[%emt 00:12:06]} 31. Kf3 {[%clk 00:14:01]} {[%emt 00:01:00]} Nxa2
{[%clk 00:23:39]} {[%emt 00:09:09]} 32. Qxa2 {[%clk 00:14:02]} {[%emt
00:00:28]} Qc3 {[%clk 00:24:06]} {[%emt 00:00:03]} 33. Qd2 {[%clk 00:07:47]}
{[%emt 00:06:45]} Qxb3 {[%clk 00:24:24]} {[%emt 00:00:12]} 34. Nd3 {[%clk
00:01:26]} {[%emt 00:06:52]} a2 {[%clk 00:24:08]} {[%emt 00:00:45]} 35. Nc1
{[%clk 00:01:53]} {[%emt 00:00:03]} Qxe3+ {[%clk 00:24:27]} {[%emt 00:00:12]}
36. fxe3 {[%clk 00:01:49]} {[%emt 00:00:33]} a1=Q {[%clk 00:24:47]} {[%emt
00:00:11]} 37. Nd3 {[%clk 00:01:22]} {[%emt 00:00:56]} Qh1+ {[%clk 00:24:09]}
{[%emt 00:01:07]} 38. Kg3 {[%clk 00:01:47]} {[%emt 00:00:05]} Be7 {[%clk
00:24:13]} {[%emt 00:00:26]} 39. g5 {[%clk 00:00:57]} {[%emt 00:01:21]} h6
{[%clk 00:24:38]} {[%emt 00:00:05]} 40. Qg2 {[%clk 00:00:33]} {[%emt 00:00:54]}
Qxg2+ {[%clk 00:25:00]} {[%emt 00:00:08]} 41. Kxg2 {[%clk 00:00:58]} {[%emt
00:00:04]} hxg5 {[%clk 00:25:26]} {[%emt 00:00:05]} 42. hxg5 {[%clk 00:01:25]}
{[%emt 00:00:02]} Bxg5 {[%clk 00:25:46]} {[%emt 00:00:10]} 43. Kf3 {[%clk
00:01:54]} {[%emt 00:00:02]} Be7 {[%clk 00:26:09]} {[%emt 00:00:08]} 44. e4
{[%clk 00:02:23]} dxe4+ {[%clk 00:26:32]} {[%emt 00:00:06]} 45. Kxe4 {[%clk
00:02:48]} {[%emt 00:00:05]} b4 {[%clk 00:26:54]} {[%emt 00:00:08]} 46. Nc1
{[%clk 00:02:53]} {[%emt 00:00:25]} g5 {[%clk 00:27:11]} {[%emt 00:00:13]} 47.
Kf3 {[%clk 00:02:09]} {[%emt 00:01:14]} Kg7 {[%clk 00:27:36]} {[%emt 00:00:06]}
48. Kg4 {[%clk 00:02:34]} {[%emt 00:00:04]} Kg6 {[%clk 00:27:59]} {[%emt
00:00:07]} 49. Nb3 {[%clk 00:02:52]} {[%emt 00:00:12]} f5+ {[%clk 00:28:02]}
{[%emt 00:00:27]} 50. exf6 {[%clk 00:03:18]} {[%emt 00:00:04]} Bxf6 {[%clk
00:28:20]} {[%emt 00:00:12]} 51. Nc5 {[%clk 00:01:15]} {[%emt 00:02:33]} Bxd4
{[%clk 00:28:43]} {[%emt 00:00:07]} 52. Nxe6 {[%clk 00:01:43]} {[%emt
00:00:01]} b3 {[%clk 00:29:05]} {[%emt 00:00:09]} 0-1

[Event "English Open Championship 2024"]
[Site "Holiday Inn, 212 Abbey End, Kenilworth CV8 1ED, United Kingdom"]
[Date "2024.06.21"]
[Round "3.20"]
[White "Banerjee, Supratit"]
[Black "Schell, Finn"]
[Result "1-0"]
[TimeControl "G90 + 30secs/move"]
[WhiteFideId "2410079"]
[BlackFideId "343406378"]
[WhiteElo "2115"]
[BlackElo "1863"]

1. e4 {[%clk 01:30:31]} {[%emt 00:00:28]} c6 {[%clk 01:30:59]} {[%emt
00:00:01]} 2. d4 {[%clk 01:30:49]} {[%emt 00:00:12]} d5 {[%clk 01:31:28]}
{[%emt 00:00:01]} 3. Nd2 {[%clk 01:31:02]} {[%emt 00:00:16]} dxe4 {[%clk
01:31:57]} {[%emt 00:00:02]} 4. Nxe4 {[%clk 01:31:17]} {[%emt 00:00:15]} Nf6
{[%clk 01:32:25]} {[%emt 00:00:01]} 5. Nxf6+ {[%clk 01:29:32]} {[%emt
00:02:15]} exf6 {[%clk 01:32:53]} {[%emt 00:00:01]} 6. c3 {[%clk 01:29:49]}
{[%emt 00:00:14]} Bd6 {[%clk 01:33:22]} {[%emt 00:00:01]} 7. Bd3 {[%clk
01:29:27]} {[%emt 00:00:52]} O-O {[%clk 01:33:50]} {[%emt 00:00:02]} 8. Ne2
{[%clk 01:29:45]} {[%emt 00:00:12]} Re8 {[%clk 01:34:18]} {[%emt 00:00:02]} 9.
O-O {[%clk 01:28:20]} {[%emt 00:01:55]} Nd7 {[%clk 01:31:39]} {[%emt 00:03:10]}
10. Bf4 {[%clk 01:27:08]} {[%emt 00:01:41]} Nf8 {[%clk 01:31:57]} {[%emt
00:00:12]} 11. Bxd6 {[%clk 01:20:20]} {[%emt 00:07:18]} Qxd6 {[%clk 01:31:59]}
{[%emt 00:00:28]} 12. Ng3 {[%clk 01:20:24]} {[%emt 00:00:26]} g6 {[%clk
01:28:18]} {[%emt 00:04:12]} 13. Ne4 {[%clk 01:19:39]} {[%emt 00:01:14]} Qd8
{[%clk 01:28:33]} {[%emt 00:00:16]} 14. Re1 {[%clk 01:19:57]} {[%emt 00:00:12]}
Kg7 {[%clk 01:23:29]} {[%emt 00:05:33]} 15. Qd2 {[%clk 01:09:56]} {[%emt
00:10:31]} Ne6 {[%clk 01:20:52]} {[%emt 00:03:07]} 16. Rad1 {[%clk 01:05:11]}
{[%emt 00:05:14]} f5 {[%clk 01:17:40]} {[%emt 00:03:42]} 17. Ng3 {[%clk
01:02:34]} {[%emt 00:03:08]} Bd7 {[%clk 01:16:50]} {[%emt 00:01:20]} 18. c4
{[%clk 00:45:42]} {[%emt 00:17:23]} Nxd4 {[%clk 00:59:26]} {[%emt 00:17:53]} 19.
Rxe8 {[%clk 00:37:26]} {[%emt 00:08:45]} Bxe8 {[%clk 00:59:29]} {[%emt
00:00:27]} 20. Bxf5 {[%clk 00:37:18]} {[%emt 00:00:39]} Ne6 {[%clk 00:56:56]}
{[%emt 00:03:03]} 21. Bxe6 {[%clk 00:36:17]} {[%emt 00:01:31]} Qxd2 {[%clk
00:57:24]} {[%emt 00:00:02]} 22. Rxd2 {[%clk 00:36:39]} {[%emt 00:00:08]} fxe6
{[%clk 00:57:53]} {[%emt 00:00:01]} 23. Ne4 {[%clk 00:36:07]} {[%emt 00:01:03]}
b6 {[%clk 00:35:28]} {[%emt 00:22:55]} 24. f4 {[%clk 00:34:30]} {[%emt
00:02:06]} h6 {[%clk 00:34:22]} {[%emt 00:01:37]} 25. c5 {[%clk 00:34:09]}
{[%emt 00:00:51]} Kf8 {[%clk 00:32:39]} {[%emt 00:02:12]} 26. b4 {[%clk
00:33:14]} {[%emt 00:01:25]} Ke7 {[%clk 00:32:31]} {[%emt 00:00:38]} 27. h4
{[%clk 00:32:46]} {[%emt 00:00:58]} Rb8 {[%clk 00:18:49]} {[%emt 00:14:13]} 28.
a3 {[%clk 00:32:17]} {[%emt 00:00:58]} a5 {[%clk 00:18:03]} {[%emt 00:01:16]}
29. Rd4 {[%clk 00:30:29]} {[%emt 00:02:18]} bxc5 {[%clk 00:13:25]} {[%emt
00:05:09]} 30. bxc5 {[%clk 00:27:10]} {[%emt 00:03:49]} Rb3 {[%clk 00:10:45]}
{[%emt 00:03:07]} 31. Ra4 {[%clk 00:24:57]} {[%emt 00:02:45]} Rb5 {[%clk
00:11:14]} {[%emt 00:00:01]} 32. g4 {[%clk 00:24:54]} {[%emt 00:00:33]} Bd7
{[%clk 00:09:46]} {[%emt 00:01:58]} 33. g5 {[%clk 00:24:04]} {[%emt 00:01:20]}
hxg5 {[%clk 00:09:02]} {[%emt 00:01:13]} 34. hxg5 {[%clk 00:24:19]} {[%emt
00:00:16]} e5 {[%clk 00:09:19]} {[%emt 00:00:14]} 35. fxe5 {[%clk 00:24:13]}
{[%emt 00:00:36]} Bf5 {[%clk 00:09:16]} {[%emt 00:00:32]} 36. Nd2 {[%clk
00:21:39]} {[%emt 00:03:04]} Rxc5 {[%clk 00:09:03]} {[%emt 00:00:43]} 37. Nf3
{[%clk 00:21:41]} {[%emt 00:00:27]} Bc2 {[%clk 00:05:45]} {[%emt 00:03:48]} 38.
Rh4 {[%clk 00:14:08]} {[%emt 00:08:04]} Ke6 {[%clk 00:02:01]} {[%emt 00:04:15]}
39. Rf4 {[%clk 00:13:07]} {[%emt 00:01:30]} Rc3 {[%clk 00:01:19]} {[%emt
00:01:12]} 40. Rf6+ {[%clk 00:12:15]} {[%emt 00:01:22]} Kd5 {[%clk 00:01:41]}
{[%emt 00:00:08]} 41. Kf2 {[%clk 00:08:04]} {[%emt 00:04:41]} Bf5 {[%clk
00:01:06]} {[%emt 00:01:06]} 42. Rd6+ {[%clk 00:08:26]} {[%emt 00:00:07]} Kc5
{[%clk 00:00:41]} {[%emt 00:00:55]} 43. Nd4 {[%clk 00:08:26]} {[%emt 00:00:30]}
Be4 {[%clk 00:00:31]} {[%emt 00:00:41]} 44. Ne6+ {[%clk 00:08:26]} {[%emt
00:00:30]} Kb5 {[%clk 00:00:52]} {[%emt 00:00:09]} 45. a4+ {[%clk 00:08:23]}
{[%emt 00:00:33]} Kxa4 {[%clk 00:01:19]} {[%emt 00:00:02]} 46. Rd4+ {[%clk
00:08:48]} {[%emt 00:00:05]} Kb3 {[%clk 00:01:20]} {[%emt 00:00:29]} 47. Rxe4
{[%clk 00:09:14]} {[%emt 00:00:04]} a4 {[%clk 00:01:36]} {[%emt 00:00:15]} 48.
Nd4+ {[%clk 00:09:39]} {[%emt 00:00:05]} Kb2 {[%clk 00:01:53]} {[%emt
00:00:12]} 49. Re2+ {[%clk 00:09:29]} {[%emt 00:00:40]} Kb1 {[%clk 00:01:58]}
{[%emt 00:00:26]} 50. e6 {[%clk 00:09:50]} {[%emt 00:00:08]} c5 {[%clk
00:01:42]} {[%emt 00:00:46]} 51. Nb5 {[%clk 00:09:37]} {[%emt 00:00:43]} Rb3
{[%clk 00:01:39]} {[%emt 00:00:32]} 52. e7 {[%clk 00:10:03]} {[%emt 00:00:05]}
1-0

[Event "English Open Championship 2024"]
[Site "Holiday Inn, 212 Abbey End, Kenilworth CV8 1ED, United Kingdom"]
[Date "2024.06.21"]
[Round "3.21"]
[White "Varley, Joe"]
[Black "Liu, Jack"]
[Result "0-1"]
[TimeControl "G90 + 30secs/move"]
[WhiteFideId "461962"]
[BlackFideId "8627894"]
[WhiteElo "1948"]
[BlackElo "2051"]

1. e4 {[%clk 01:30:55]} {[%emt 00:00:05]} c5 {[%clk 01:30:54]} {[%emt
00:00:07]} 2. Nf3 {[%clk 01:31:16]} {[%emt 00:00:08]} e6 {[%clk 01:31:18]}
{[%emt 00:00:06]} 3. d4 {[%clk 01:31:40]} {[%emt 00:00:07]} cxd4 {[%clk
01:31:43]} {[%emt 00:00:05]} 4. Nxd4 {[%clk 01:31:59]} {[%emt 00:00:11]} Nc6
{[%clk 01:32:07]} {[%emt 00:00:05]} 5. Nc3 {[%clk 01:32:16]} {[%emt 00:00:13]}
Qc7 {[%clk 01:29:45]} {[%emt 00:02:52]} 6. Be2 {[%clk 01:31:14]} {[%emt
00:01:32]} Nf6 {[%clk 01:29:11]} {[%emt 00:01:05]} 7. O-O {[%clk 01:30:12]}
{[%emt 00:01:30]} a6 {[%clk 01:29:19]} {[%emt 00:00:24]} 8. Be3 {[%clk
01:29:20]} {[%emt 00:01:21]} Bb4 {[%clk 01:29:35]} {[%emt 00:00:14]} 9. Nxc6
{[%clk 01:18:51]} {[%emt 00:10:59]} bxc6 {[%clk 01:29:59]} {[%emt 00:00:06]} 10.
Qd4 {[%clk 01:12:59]} {[%emt 00:06:23]} c5 {[%clk 01:29:01]} {[%emt 00:01:28]}
11. Qc4 {[%clk 01:10:26]} {[%emt 00:03:03]} Bb7 {[%clk 01:22:46]} {[%emt
00:06:45]} 12. Bf3 {[%clk 01:04:56]} {[%emt 00:05:59]} d6 {[%clk 01:05:41]}
{[%emt 00:17:35]} 13. a3 {[%clk 00:55:10]} {[%emt 00:10:17]} Bxc3 {[%clk
01:02:00]} {[%emt 00:04:11]} 14. Qxc3 {[%clk 00:55:34]} {[%emt 00:00:05]} e5
{[%clk 00:59:29]} {[%emt 00:03:02]} 15. Rfe1 {[%clk 00:51:14]} {[%emt
00:04:48]} h6 {[%clk 00:55:17]} {[%emt 00:04:43]} 16. Rad1 {[%clk 00:47:48]}
{[%emt 00:03:56]} O-O {[%clk 00:54:35]} {[%emt 00:01:12]} 17. Qd2 {[%clk
00:40:30]} {[%emt 00:07:48]} Rfd8 {[%clk 00:49:16]} {[%emt 00:05:49]} 18. Bxh6
{[%clk 00:29:56]} {[%emt 00:11:04]} gxh6 {[%clk 00:48:34]} {[%emt 00:01:14]} 19.
Qxh6 {[%clk 00:30:19]} {[%emt 00:00:06]} Nh7 {[%clk 00:46:37]} {[%emt
00:02:27]} 20. Rd3 {[%clk 00:30:44]} {[%emt 00:00:06]} Qe7 {[%clk 00:40:12]}
{[%emt 00:06:55]} 21. Bg4 {[%clk 00:22:04]} {[%emt 00:09:09]} Qf6 {[%clk
00:37:16]} {[%emt 00:03:26]} 22. Qh5 {[%clk 00:21:35]} {[%emt 00:01:00]} Qg6
{[%clk 00:29:20]} {[%emt 00:08:25]} 23. Qh4 {[%clk 00:21:11]} {[%emt 00:00:52]}
Qf6 {[%clk 00:27:27]} {[%emt 00:02:25]} 24. Qh5 {[%clk 00:21:02]} {[%emt
00:00:39]} Qg5 {[%clk 00:16:52]} {[%emt 00:11:04]} 25. Qh3 {[%clk 00:20:57]}
{[%emt 00:00:36]} Nf6 {[%clk 00:16:58]} {[%emt 00:00:25]} 26. Rg3 {[%clk
00:13:04]} {[%emt 00:08:23]} Kf8 {[%clk 00:17:02]} {[%emt 00:00:26]} 27. Bf5
{[%clk 00:08:40]} {[%emt 00:04:54]} Qd2 {[%clk 00:16:36]} {[%emt 00:00:56]} 28.
Rf1 {[%clk 00:09:00]} {[%emt 00:00:10]} Ke7 {[%clk 00:16:16]} {[%emt 00:00:49]}
29. Rb3 {[%clk 00:07:28]} {[%emt 00:02:02]} Rab8 {[%clk 00:14:43]} {[%emt
00:02:03]} 30. g3 {[%clk 00:03:30]} {[%emt 00:04:27]} Bxe4 {[%clk 00:11:56]}
{[%emt 00:03:18]} 31. Rxb8 {[%clk 00:03:11]} {[%emt 00:00:49]} Rxb8 {[%clk
00:12:14]} {[%emt 00:00:12]} 32. Bxe4 {[%clk 00:03:35]} {[%emt 00:00:06]} Nxe4
{[%clk 00:12:38]} {[%emt 00:00:07]} 33. Qh4+ {[%clk 00:04:00]} {[%emt
00:00:04]} Nf6 {[%clk 00:12:59]} {[%emt 00:00:09]} 34. f4 {[%clk 00:03:54]}
{[%emt 00:00:36]} Qd4+ {[%clk 00:13:10]} {[%emt 00:00:19]} 35. Rf2 {[%clk
00:03:55]} {[%emt 00:00:30]} e4 {[%clk 00:12:13]} {[%emt 00:01:27]} 36. c3
{[%clk 00:04:04]} {[%emt 00:00:21]} Qd1+ {[%clk 00:12:13]} {[%emt 00:00:29]} 37.
Rf1 {[%clk 00:04:05]} {[%emt 00:00:29]} Qe2 {[%clk 00:12:31]} {[%emt 00:00:10]}
38. Rf2 {[%clk 00:03:11]} {[%emt 00:01:26]} Qe1+ {[%clk 00:12:53]} {[%emt
00:00:07]} 39. Kg2 {[%clk 00:03:37]} {[%emt 00:00:05]} e3 {[%clk 00:13:07]}
{[%emt 00:00:17]} 40. Rf1 {[%clk 00:04:01]} {[%emt 00:00:05]} Rxb2+ {[%clk
00:13:25]} {[%emt 00:00:12]} 0-1

[Event "English Open Championship 2024"]
[Site "Holiday Inn, 212 Abbey End, Kenilworth CV8 1ED, United Kingdom"]
[Date "2024.06.21"]
[Round "3.22"]
[White "Pal, Rohan"]
[Black "Sachdeva, Ronit"]
[Result "1-0"]
[TimeControl "G90 + 30secs/move"]
[WhiteFideId "462489"]
[BlackFideId "343401589"]
[WhiteElo "2097"]
[BlackElo "1907"]

1. c4 {[%clk 01:30:54]} {[%emt 00:00:06]} c6 {[%clk 01:30:50]} {[%emt
00:00:10]} 2. Nf3 {[%clk 01:31:03]} {[%emt 00:00:21]} Nf6 {[%clk 01:31:14]}
{[%emt 00:00:06]} 3. d4 {[%clk 01:31:29]} {[%emt 00:00:04]} d5 {[%clk
01:31:39]} {[%emt 00:00:05]} 4. Nc3 {[%clk 01:31:56]} {[%emt 00:00:03]} dxc4
{[%clk 01:32:05]} {[%emt 00:00:04]} 5. a4 {[%clk 01:32:22]} {[%emt 00:00:05]}
e6 {[%clk 01:32:30]} {[%emt 00:00:05]} 6. e3 {[%clk 01:32:20]} {[%emt
00:00:31]} Bb4 {[%clk 01:31:31]} {[%emt 00:01:30]} 7. Bxc4 {[%clk 01:32:41]}
{[%emt 00:00:09]} O-O {[%clk 01:31:43]} {[%emt 00:00:17]} 8. O-O {[%clk
01:32:38]} {[%emt 00:00:33]} Nbd7 {[%clk 01:31:46]} {[%emt 00:00:27]} 9. Qe2
{[%clk 01:29:55]} {[%emt 00:03:13]} Qe7 {[%clk 01:29:41]} {[%emt 00:02:36]} 10.
e4 {[%clk 01:25:33]} {[%emt 00:04:52]} e5 {[%clk 01:20:33]} {[%emt 00:09:37]}
11. dxe5 {[%clk 01:17:57]} {[%emt 00:08:06]} Bxc3 {[%clk 01:19:08]} {[%emt
00:01:56]} 12. bxc3 {[%clk 01:06:18]} {[%emt 00:12:09]} Nxe5 {[%clk 01:18:34]}
{[%emt 00:01:03]} 13. Ba3 {[%clk 01:05:28]} {[%emt 00:01:20]} c5 {[%clk
01:18:47]} {[%emt 00:00:16]} 14. Nxe5 {[%clk 00:49:47]} {[%emt 00:16:13]} Qxe5
{[%clk 01:19:12]} {[%emt 00:00:05]} 15. Bd3 {[%clk 00:47:07]} {[%emt 00:03:10]}
Ng4 {[%clk 00:59:58]} {[%emt 00:19:43]} 16. f4 {[%clk 00:46:54]} {[%emt
00:00:43]} Qxc3 {[%clk 00:58:03]} {[%emt 00:02:25]} 17. Bb2 {[%clk 00:47:06]}
{[%emt 00:00:18]} Qb4 {[%clk 00:56:29]} {[%emt 00:02:01]} 18. f5 {[%clk
00:39:38]} {[%emt 00:08:02]} c4 {[%clk 00:32:17]} {[%emt 00:24:42]} 19. Bxc4
{[%clk 00:37:29]} {[%emt 00:02:39]} Ne3 {[%clk 00:30:51]} {[%emt 00:01:56]} 20.
Qxe3 {[%clk 00:29:52]} {[%emt 00:08:06]} Qxb2 {[%clk 00:30:52]} {[%emt
00:00:30]} 21. e5 {[%clk 00:26:36]} {[%emt 00:03:45]} Re8 {[%clk 00:25:49]}
{[%emt 00:05:32]} 22. e6 {[%clk 00:26:13]} {[%emt 00:00:55]} f6 {[%clk
00:19:05]} {[%emt 00:07:13]} 23. Rad1 {[%clk 00:25:20]} {[%emt 00:01:23]} g6
{[%clk 00:17:38]} {[%emt 00:01:57]} 24. Rd8 {[%clk 00:24:57]} {[%emt 00:00:54]}
1-0

[Event "English Open Championship 2024"]
[Site "Holiday Inn, 212 Abbey End, Kenilworth CV8 1ED, United Kingdom"]
[Date "2024.06.21"]
[Round "3.23"]
[White "Dias, Savin"]
[Black "Nicholas, Koichi B"]
[Result "0-1"]
[TimeControl "G90 + 30secs/move"]
[WhiteFideId "442399"]
[BlackFideId "409820"]
[WhiteElo "1983"]
[BlackElo "2130"]

1. d4 {[%clk 01:30:45]} {[%emt 00:00:14]} Nf6 {[%clk 01:30:36]} {[%emt
00:00:13]} 2. c4 {[%clk 01:31:10]} {[%emt 00:00:16]} c5 {[%clk 01:30:45]}
{[%emt 00:00:21]} 3. d5 {[%clk 01:31:31]} {[%emt 00:00:10]} b5 {[%clk
01:30:14]} {[%emt 00:01:01]} 4. cxb5 {[%clk 01:31:39]} {[%emt 00:00:22]} a6
{[%clk 01:30:33]} {[%emt 00:00:11]} 5. bxa6 {[%clk 01:32:02]} {[%emt 00:00:07]}
e6 {[%clk 01:29:42]} {[%emt 00:01:21]} 6. Nc3 {[%clk 01:26:38]} {[%emt
00:05:53]} exd5 {[%clk 01:29:48]} {[%emt 00:00:24]} 7. Nxd5 {[%clk 01:26:33]}
{[%emt 00:00:35]} Be7 {[%clk 01:29:58]} {[%emt 00:00:20]} 8. Nf3 {[%clk
01:15:00]} {[%emt 00:12:03]} Nxa6 {[%clk 01:23:44]} {[%emt 00:06:44]} 9. Nxe7
{[%clk 01:12:33]} {[%emt 00:02:58]} Qxe7 {[%clk 01:24:04]} {[%emt 00:00:09]} 10.
e3 {[%clk 01:10:57]} {[%emt 00:02:07]} Nb4 {[%clk 01:23:56]} {[%emt 00:00:38]}
11. a3 {[%clk 01:07:12]} {[%emt 00:04:15]} Qe4 {[%clk 01:24:01]} {[%emt
00:00:24]} 12. Kd2 {[%clk 00:44:50]} {[%emt 00:22:52]} Ng4 {[%clk 01:17:06]}
{[%emt 00:07:25]} 13. Qb3 {[%clk 00:41:19]} {[%emt 00:04:02]} Nxf2 {[%clk
01:13:37]} {[%emt 00:03:58]} 14. Rg1 {[%clk 00:41:22]} {[%emt 00:00:27]} O-O
{[%clk 01:12:26]} {[%emt 00:01:40]} 15. Be2 {[%clk 00:35:50]} {[%emt 00:06:03]}
Re8 {[%clk 01:07:48]} {[%emt 00:05:08]} 16. Ng5 {[%clk 00:31:13]} {[%emt
00:05:07]} Qe7 {[%clk 00:58:22]} {[%emt 00:09:56]} 17. Rf1 {[%clk 00:22:13]}
{[%emt 00:09:30]} Qxg5 {[%clk 00:49:16]} {[%emt 00:09:35]} 18. Rxf2 {[%clk
00:22:39]} {[%emt 00:00:05]} d5 {[%clk 00:49:14]} {[%emt 00:00:32]} 19. Kd1
{[%clk 00:15:33]} {[%emt 00:07:36]} Qg6 {[%clk 00:38:13]} {[%emt 00:11:31]} 20.
Bd2 {[%clk 00:14:36]} {[%emt 00:01:27]} Bd7 {[%clk 00:37:47]} {[%emt 00:00:56]}
21. a4 {[%clk 00:14:28]} {[%emt 00:00:38]} Rab8 {[%clk 00:31:58]} {[%emt
00:06:19]} 22. a5 {[%clk 00:11:23]} {[%emt 00:03:36]} c4 {[%clk 00:30:33]}
{[%emt 00:01:54]} 23. Qc3 {[%clk 00:11:37]} {[%emt 00:00:16]} Bf5 {[%clk
00:29:22]} {[%emt 00:01:41]} 24. a6 {[%clk 00:10:43]} {[%emt 00:01:25]} Nc6
{[%clk 00:24:58]} {[%emt 00:04:53]} 25. a7 {[%clk 00:10:05]} {[%emt 00:01:09]}
Ra8 {[%clk 00:24:29]} {[%emt 00:00:59]} 26. Ra6 {[%clk 00:09:57]} {[%emt
00:00:38]} Bc8 {[%clk 00:21:41]} {[%emt 00:03:17]} 27. Rb6 {[%clk 00:09:32]}
{[%emt 00:00:55]} Rxa7 {[%clk 00:20:47]} {[%emt 00:01:24]} 28. Bf3 {[%clk
00:09:56]} {[%emt 00:00:07]} Qd6 {[%clk 00:18:50]} {[%emt 00:02:26]} 29. e4
{[%clk 00:08:23]} {[%emt 00:02:04]} Qc5 {[%clk 00:15:33]} {[%emt 00:03:47]} 30.
Be3 {[%clk 00:07:00]} {[%emt 00:01:53]} d4 {[%clk 00:15:30]} {[%emt 00:00:32]}
31. Rxc6 {[%clk 00:07:26]} {[%emt 00:00:04]} Ra1+ {[%clk 00:15:26]} {[%emt
00:00:34]} 32. Kc2 {[%clk 00:07:16]} {[%emt 00:00:40]} d3+ {[%clk 00:15:05]}
{[%emt 00:00:51]} 33. Kd2 {[%clk 00:07:39]} {[%emt 00:00:07]} Qxc6 {[%clk
00:15:28]} {[%emt 00:00:08]} 34. Bd4 {[%clk 00:05:43]} {[%emt 00:02:26]} Qh6+
{[%clk 00:14:05]} {[%emt 00:01:52]} 35. Be3 {[%clk 00:06:09]} {[%emt 00:00:04]}
Qxh2 {[%clk 00:11:28]} {[%emt 00:03:07]} 36. Qxc4 {[%clk 00:05:58]} {[%emt
00:00:41]} Qh1 {[%clk 00:10:49]} {[%emt 00:01:09]} 37. Qxd3 {[%clk 00:03:57]}
{[%emt 00:02:31]} Qc1+ {[%clk 00:10:56]} {[%emt 00:00:23]} 38. Ke2 {[%clk
00:04:26]} {[%emt 00:00:02]} Qe1# {[%emt 00:00:06]} 0-1